000 00477nam a2200169Ia 4500
003 GCL
008 140319s9999 xx 000 0 ara d
040 _aGCL /
_cGCL
082 0 4 _aط
_b813.087
_bهـ ن
100 1 _aهيام عباس الحومى
245 1 0 _aنهاية شرشر /
_cهيام عباس الحومى
490 _aاطفالنا
_v0
650 0 4 _aالقصص القصيرة
650 0 4 _aالاطفال
650 0 4 _aقصص الاطفال
942 _2ddc
_cBK
999 _c51424
_d51424